The pushcart war / (Registro nro. 9372)

Detalles MARC
000 -LIDER
fixed length control field 00750nam a22002537a 4500
001 - NÚMERO DE CONTROL
Identificador de número de control 240035
003 - IDENTIFICACDOR DE NÚMERO DE CONTROL
control field DO-SdBNP
005 - DATE AND TIME OF LATEST TRANSACTION
control field 20180202093743.0
007 - CAMPOS FIJOS DE DESCRIPCIÓN FÍSICA
fixed length control field 240035
008 - ELEMENTOS DE LONGITUD FIJA
fixed length control field 160322b 1987 xxu||||| |||| 00| 0 spa d
020 ## - ISBN
International Standard Book Number 0440471478
040 ## - FUENTE DE CATALOGACIÓN
Agencia que crea de manera original el registro BPMSU
Idioma de catalogación spa
Agencia que realiza la transcripción BPMSU
092 ## - LOCALLY ASSIGNED DEWEY DECIMAL CALL NUMBER
Número de clasificación xxxx
Número de ítem (Cutter) xxxx
100 1# - ASIENTO PRINCIPAL -- NOMBRE PERSONAL
Nombre personal Merrill, Jean
245 10 - MENCIÓN DE TITULO
Título The pushcart war /
Mención de responsabilidad by Jean Merrill ; with illustrations by Ronni Solbert.
260 ## - PUBLICACIÓN, DISTRIBUCIÓN, ETC. (PIE DE IMPRENTA)
Lugar de publicación, distribución, etc New York :
Nombre del editor, distribuidor, etc. Dell Pub. Co.,
Fecha de publicación, distribución, etc 1964.
Fecha de impresión 1987
300 ## - DESCRIPCIÓN FÍSICA
Extensión 222 p. :
Otros detalles físicos il. ;
Dimensiones 20 cm.
500 ## - NOTA GENERAL
Nota general Reimpresión: Originalmente publicado: Reading, Ma. : Addison-Wesley, 1964.
700 12 - ASIENTO SECUNDARIO -- NOMBRE PERSONAL
Nombre personal Solbert, Ronni,
Mención de responsabilidad il.
910 ## - VALIDACIÓN
Validación 00260
942 ## - ADDED ENTRY ELEMENTS (KOHA)
Source of classification or shelving scheme Dewey Decimal Classification
Koha item type Libros
945 ## - INFORMACIÓN DE PROCESAMIENTO LOCAL
Información de procesamiento local Inventariado, 2018/ YL
956 ## - LOCAL ELECTRONIC LOCATION AND ACCESS (OCLC)
Método de acceso LOPEREZ
Materiales especificados 10
Existencias
Withdrawn status Lost status Source of classification or shelving scheme Damaged status Not for loan Collection code Home library Current library Date acquired Source of acquisition Total Checkouts Barcode Date last seen Price effective from Koha item type
    Dewey Decimal Classification     Colección General Biblioteca Pública Metropolitana Salomé Ureña Biblioteca Pública Metropolitana Salomé Ureña 03/22/2016 Donado por FUNDI   BPMSU16030256 03/22/2016 03/22/2016 Libros